| 000 | 00897cam a22003011 4500 | ||
|---|---|---|---|
| 001 | 30696 | ||
| 003 | BD-RjUL | ||
| 005 | 20211209051613.0 | ||
| 008 | 140410s19551949U 001 0 eng | ||
| 035 | _a(BD-RjUL) | ||
| 035 | _a(OCoLC)2989078 | ||
| 040 |
_aDLC _cPCvA _dFTaSU _dDLC _beng |
||
| 041 | _aeng | ||
| 082 |
_a179 _bHAP 1955 |
||
| 100 | 1 |
_aHadfield, J. A. _q(James Arthur), _d1882-1967. _93881 |
|
| 245 | 1 | 0 |
_aPsychology and morals : _ban analysis of character / _cJ. A. Hadfield |
| 250 | _a15th ed. | ||
| 260 |
_aLondon : _bMethuen, _cc1949 [reprinting 1955] |
||
| 300 |
_avii, 219 p. ; _c19 cm. |
||
| 504 | _aincludes index | ||
| 650 | 0 |
_aPsychology, Pathological. _993249 |
|
| 650 | 0 |
_aPsychoanalysis. _993250 |
|
| 650 | 0 |
_aMental healing. _985849 |
|
| 942 |
_2ddc _cBK |
||
| 999 |
_c30696 _d30696 |
||